000 00688nab a2200217 a 4500
005 20210219155147.0
008 991125s1985 mx 000 0 spa u
035 _aUPN01000139428
100 1 _aCataño, M. Cristina
222 _aENSAYOS Y EXPERIENCIAS
245 _a¿Es posible imaginar una escuela para todos? : acerca de la difícil relación entre las políticas publicas, la escuela y la promocion del protagonismo juvenil
260 _aMéxico
300 _a17-29
362 0 _a2002 No. 44
653 0 _aADOLESCENTES
653 0 _aDESERCION ESCOLAR
653 0 _aPROTAGONISMO JUVENIL
653 0 _aPOBREZA
700 0 2 _aWanger, Elizabeth, coaut
905 _aArticulo
999 _c111576
_d111576